000 00430pam a2200121a 44500
008 230405s2011 xxu||||| |||| 00| 0 eng d
041 _aENG
100 _aमहात्मा फुले कृषि विदयापीठ
245 _aकृषिदर्शनी 2011
260 _aराहूरी
_bमहात्मा फुले कृषि विदयापीठ
_c2011
300 _axli304
906 _a2455
999 _c291333
_d291333